000 00264nam a22001217a 4500
008 180903b xxu||||| |||| 00| 0 eng d
041 _aeng
080 _a941
100 _a16
101 _aHIS
245 _aThe Story Of America
_cCalkins,c,c
942 _2udc
_cBK
999 _c47477
_d47477